000 00468nam a2200193Ia 4500
005 20250425162443.0
008 250425s9999 xx 000 0 und d
020 _a0879693142
041 _aeng
082 _a574.295
245 0 _aANTIBODIES A LABORATORY MANUAL
250 _aS.E.
260 _aEstados Unidos
_bCOLD SPRING HARBOR LABORATORY
_c1988
260 _aNEW YORK
300 _a724
650 _aINMUNOLOGIA CELULAR
942 _c01
010 _a75129
999 _c229560
_d229560